Word Ladder: Metal Money Quiz Stats

Quiz Updated Aug 27, 2016

Challenge
Share
Tweet
Embed
Score 0/32 Timer 03:00
2 Plays Today
Clue 4-Letter Word % Correct
Unwanted plant in a lawnWEED
98.2%
A screwdriver or a hammer, e.g.TOOL
97.6%
To be unsuccessfulFAIL
97.3%
Shiny material wrapped around preserved foodFOIL
97.2%
To join together two pieces of metal via heating themWELD
97%
A silly personFOOL
97%
Appendage attached to the rear of some animals•TAIL•
96.9%
Game played with sticks and a cue ballPOOL
96.7%
Piece of money referred to as 'change'•COIN•
96.5%
Moderately chillyCOOL
96.2%
A strip of leather worn around the waistBELT
96.1%
A study conducted of likely voting trendsPOLL
96%
A capsule of medicinePILL
95.9%
Ringer in a church towerBELL
95.7%
Of great statureTALL
95.6%
An animated characterTOON
94.9%
Clue 4-Letter Word % Correct
To narrate or report TELL
94.9%
A bird's beakBILL
94.6%
To wind in a spiralCOIL
94.6%
A natural springWELL
94.4%
Nocturnal mammal with black-ringed tail, for shortCOON
94.3%
Brain container or the foam atop a glass of beer•HEAD•
93.8%
To pay careful attentionHEED
93.4%
'What's yours is ___'MINE
93%
To eat at a restaurant DINE
92.7%
One-eighth of a gallonPINT
92.3%
The smallest value of US currency•CENT•
92.3%
Location where money is created•MINT•
92%
Stamped metal piece worth one-tenth of a dollar•DIME•
91.7%
Sharply curvedBENT
91.3%
A rapid, heavy breathPANT
90.6%
To be unable to do somethingCAN'T
90.4%

Today's Daily Dose

You're not logged in!

Compare scores with friends on all Sporcle quizzes.
Sign Up with Email
OR
Log In

You Might Also Like...

Show Comments

Extras

Top Quizzes Today


Score Distribution

Your Account Isn't Verified!

In order to create a playlist on Sporcle, you need to verify the email address you used during registration. Go to your Sporcle Settings to finish the process.